| 000 | 00535nam a22001697a 4500 | ||
|---|---|---|---|
| 003 | 0 | ||
| 005 | 20240910090929.0 | ||
| 008 | 240910b xxu||||| |||| 00| 0 eng d | ||
| 020 | _a0-7944-1172-X | ||
| 082 |
_aER _b.Wha5 2006 |
||
| 100 | _aNolan, Allia Zobel | ||
| 245 |
_aWhat i do best! _cwritten by Allia Zobel Nolan ; illustrated by Miki Sakamoto |
||
| 260 |
_aNew York _bReader's Digest Children's Books _c2006 |
||
| 300 |
_aunpage : _bcolored pictures and illustrations ; _c27cm. |
||
| 650 | _aPicture's Book. | ||
| 942 |
_2ddc _cBK |
||
| 999 |
_c366196 _d366196 |
||